Histoire de la science du droit en France

Salvato in:
Dettagli Bibliografici
Autore principale: Fournier, Marcel (Autore)
Natura: Libro
Lingua:francese
Pubblicazione: París L. Larose & Forcel 1892
Soggetti:
Tags: Aggiungi Tag
Nessun Tag, puoi essere il primo ad aggiungerne!!

MARC

LEADER 00000nam a2200000 a 4500
001 UCR2750
003 CL-VaPUC
008 980116e18920000FR |||||||||||||||||fre|d
082 0 4 |a 340.1  |b FOU  |2 21 
100 0 |a Fournier, Marcel  |e author  |9 401088 
245 1 0 |a Histoire de la science du droit en France 
300 |a v 
942 |c BK 
945 |d 19980116 00:00:00  |a cmena 
260 |a París  |b L. Larose & Forcel  |c 1892 
650 0 |a Dogmática jurídica  |9 337910 
650 0 |a Derecho francés  |9 385145 
650 0 |a Historia del derecho  |9 255109 
650 0 |a Filosofía del derecho   |9 255050 
650 0 |a Universidades  |9 256317 
650 0 |a Enseñanza del derecho  |9 354184 
650 0 |a Pedagogía jurídica  |9 380883 
650 7 |a DERECHO EDAD MEDIA  |2 CL-VaPUC  |9 400343 
651 0 |a Francia  |9 255157 
583 |a last modification  |c 19980116 00:00:00  |k Rodrigo Vera 
999 |c 265879  |d 265877 
952 |0 0  |1 0  |4 0  |6 340_100000000000000_FOU_1892  |7 0  |8 DER_HIS  |9 297009  |a BIBDER  |b BIBDER  |d 2019-11-20  |h v.3  |i 1940007  |o 340.1 FOU 1892  |p 1940007  |r 2023-01-25  |w 2019-11-20  |x Ubicación 4to Piso  |y BK_X  |z Estos recursos deben solicitarse con anticipación  |k DER